Vznik a rozvoj podnikateľského nápadu diplomová práca

Salvato in:
Dettagli Bibliografici
Autore principale: Majerčík, Jozef
Ente Autore: Fakulta podnikového manažmentu EU. Katedra manažmentu
Altri autori: Slávik, Štefan, 1955-
Natura: Libro
Lingua:slovacco
Pubblicazione: Bratislava 2024
Tags: Aggiungi Tag
Nessun Tag, puoi essere il primo ad aggiungerne!!

MARC

LEADER 00000nbm a2200000 4500
001 0300901
005 20250211115217.3
041 0 |a slo 
044 |a SK 
245 1 0 |a Vznik a rozvoj podnikateľského nápadu  |b diplomová práca  |c Jozef Majerčík ; školiteľ: Štefan Slávik 
264 1 |a Bratislava  |c 2024 
300 |a 67 s. 
100 1 |a Majerčík, Jozef 
700 1 |a Slávik, Štefan, 1955- 
710 2 |a Fakulta podnikového manažmentu EU. Katedra manažmentu